| 000 | 00698nam a2200289Ia 4500 | ||
|---|---|---|---|
| 005 | 20260324141737.0 | ||
| 008 | 008 260324s9999 xx 000 0 eng d | ||
| 020 | _a9780203011461 | ||
| 037 | _aEBOOK | ||
| 040 | _aCRL | ||
| 040 | _beng | ||
| 040 | _cCRL | ||
| 041 | _2eng | ||
| 041 | _aeng | ||
| 084 | _qCRL | ||
| 100 |
_aMichael Heasman; Judith Wright; Ben Fine _91209349 |
||
| 245 | 0 | _aConsumption in the Age of Affluence | |
| 245 | 4 | _bThe World of Food | |
| 260 | _bTaylor and Francis | ||
| 260 | _c1996 | ||
| 365 | _a | ||
| 365 | _b300 | ||
| 856 | _uhttp://www.taylorfrancis.com/books/9780203011461 | ||
| 942 | _cEBOOK | ||
| 999 |
_c1812753 _d1812753 |
||